000 00448nam a22001817a 4500
003 CEME
005 20210628203453.0
008 210201b xxu||||| |||| 00| 0 eng d
020 _a969-496-037-1
040 _c.
082 _a891.49142 ANW
100 _aAnwar Masud
_965643
245 _aHun ki kareay
260 _aLAHORE
_bDOST PUBLICATIONS
_c1998
300 _a143P
650 _aURDU ADAB-POETRY. PUNJABI POETRY
_965644
942 _cBK
_2ddc
999 _c573797
_d573797